Distribucion transversal de esfuerzos en superestructuras de puentes

Salvato in:
Dettagli Bibliografici
Autore principale: Rojas Mata, Laura
Natura: Tesi Libro
Lingua:Undetermined
Pubblicazione: 1982
Soggetti:
> > > > PUENTES
Tags: Aggiungi Tag
Nessun Tag, puoi essere il primo ad aggiungerne!!

MARC

LEADER 00000nam a2200000Ia 4500
001 2070
008 140114s9999 xx 000 0 und d
100 |a Rojas Mata, Laura 
245 |a Distribucion transversal de esfuerzos en superestructuras de puentes 
260 |c 1982 
500 |a NULL 
502 |a Escuela de ingenieria Civil 
650 |z PUENTES 
999 |c 11474  |d 11474